000
00333nam a22001457a 4500
020
_a
0-7534-1039-7
082
_a
823
_b
OLL/S
100
_a
OLLIVER JANE
245
_a
SPOOKY STORIES
_b
SHORT STORY
260
_a
LONDON
_b
KINGFISHER PUBLICATIONS
_c
2004
300
_a
157
520
_a
SHORT STORY
650
_a
SHORT STORY
942
_c
BK
999
_c
3672
_d
3672